Success in the making : how foreign companies are winnning new markets in Japan.
| Corporate Author: | |
|---|---|
| Format: | Book |
| Published: |
Tokyo:
JETRO Business Support Centre,
1995.
|
| Subjects: |
| LEADER | 00506cam a2200169 7i4500 | ||
|---|---|---|---|
| 001 | 0000004992 | ||
| 005 | 19991025090000.0 | ||
| 002 | ##000006560 | ||
| 020 | 0 | 0 | |a T000005247 |
| 090 | 0 | 0 | |a JAPN 338.7 |b SUC |
| 245 | 0 | 0 | |a Success in the making : |b how foreign companies are winnning new markets in Japan. |
| 260 | 0 | 0 | |a Tokyo: |b JETRO Business Support Centre, |c 1995. |
| 300 | 0 | 0 | |a 41 p.. |
| 650 | 0 | 0 | |a Business -- |z Japan |
| 651 | 0 | 0 | |a Japan |
| 710 | 0 | 0 | |a JETRO |
| 999 | |a 0000006983 |b Book |c Open shelf |e Business Information Centre | ||